000 00740nam a2200205 a 4500
005 20191224041715.0
008 140312s2004 ck ab gr|||| 000 0 spa d
040 _aCO-BoIAVH
_cCO-BoIAVH
041 0 _aspa
044 _ack
090 _aEA
_b335
110 2 _bCorporación Autónoma Regional del Alto Magdalena
245 1 0 _aEsquema de Ordenamiento Territorial :
_bmunicipio de Rivera /
_cCorporación Autónoma Regional del Alto Magdalena
260 _aRivera :
_bCorporación Autónoma Regional del Alto Magdalena,
_c2004.
300 _a60 páginas :
_bIlustraciones, mapas ;
_c27 x 21 cm.
650 6 _aOrdenamiento territorial
650 6 _aUso del suelo
662 _aColombia
_cNeiva
_dRivera
942 _cLIBRO
_2z
999 _c3838
_d3838